000 00605nam a2200205Ia 4500
003 GCL
008 140319s9999 xx 000 0 ara d
040 _aGCL /
_cGCL
082 0 4 _a347.06
_bس ص
100 1 _aشوقى وهبى
245 1 0 _aالصيغ القانونية للأوراق القضائية /
_cشوقى وهبى
700 1 _aمهنى مشرقى
260 _a[S.N] :
_bالمجالس ،
_c1989
300 _a758 ص
490 _a
650 0 4 _aالقانون
650 0 4 _aالقانون المدنى
650 0 4 _aقانون الاجراءات الجنائية
942 _2ddc
_cBK
999 _c54729
_d54729